000
00318nam a2200109Ia 4500
008
171211s9999 xx 000 0 und d
245
_a
Influenza Virus: Methods and Protocols
245
_c
Gabriele Neumann
260
_c
2012
650
_x
Biology
856
_u
http://www.ebook777.com/influenza-virus-methods-protocols/
999
_c
350403
_d
350403